Southville International School and Colleges
Your cart is empty.
  • Cart
  • Lists
    Public lists Eva Luna New books Lux_list list_1
    Your lists Log in to create your own lists
  • Log in to your account
  • Your cookies
  • Search history
Southville International School and Colleges
  • Advanced search
  • Recent comments
  • Most popular
  • Libraries

Log in to your account

Log in with GOOGLE


If you do not have an external account, but do have a local account, you can still log in:

  1. Home
  2. MARC view: Tae kwon do basics /
Normal view MARC view ISBD view

Tae kwon do basics / (Record no. 356721)

[ view plain ]
MARC details
000 -LEADER
fixed length control field 00550nam a2200217Ia 4500
008 - FIXED-LENGTH DATA ELEMENTS--GENERAL INFORMATION
fixed length control field 180523s9999 xx 000 0 und d
020 ## - INTERNATIONAL STANDARD BOOK NUMBER
International Standard Book Number 81-7245-297-7
050 ## - LIBRARY OF CONGRESS CALL NUMBER
Classification number MAIN GV 1114.9
050 ## - LIBRARY OF CONGRESS CALL NUMBER
Item number .Y38 [200-?]
100 ## - MAIN ENTRY--PERSONAL NAME
Personal name Yates, Keith D.
245 #0 - TITLE STATEMENT
Title Tae kwon do basics /
245 #0 - TITLE STATEMENT
Statement of responsibility, etc Keith D. Yates, H. Bryan Robbins.
260 ## - PUBLICATION, DISTRIBUTION, ETC. (IMPRINT)
Place of publication, distribution, etc New Delhi :
260 ## - PUBLICATION, DISTRIBUTION, ETC. (IMPRINT)
Name of publisher, distributor, etc Goodwill Publishing,
260 ## - PUBLICATION, DISTRIBUTION, ETC. (IMPRINT)
Date of publication, distribution, etc 200?
300 ## - PHYSICAL DESCRIPTION
Extent 128 pages :
300 ## - PHYSICAL DESCRIPTION
Other physical details illustrations ;
300 ## - PHYSICAL DESCRIPTION
Dimensions 22 cm.
500 ## - GENERAL NOTE
General note Includes index.
650 ## - SUBJECT ADDED ENTRY--TOPICAL TERM
Topical term or geographic name as entry element Tae kwon do.
Holdings
Withdrawn status Lost status Damaged status Home library Current library Shelving location Date acquired Total Checkouts Full call number Barcode Date last seen Price effective from Koha item type
      South Mansfield College South Mansfield College   03/07/2005   MAIN GV 1114.9 .Y38 [200-?] SMC01965 05/23/2018 05/23/2018  

Tae kwon do basics /

APA

Yates K. D., .Tae kwon do basics. New Delhi: .

Chicago

Yates Keith D, .Tae kwon do basics. New Delhi: .

Harvard

Yates K. D., .Tae kwon do basics. New Delhi: .

MLA

Yates Keith D, .New Delhi: . .

  • Place hold
  • Print
  • Cite
  • Add to your cart (remove)
  • Save record
    BIBTEX Dublin Core MARCXML MARC (non-Unicode/MARC-8) MARC (Unicode/UTF-8) MARC (Unicode/UTF-8, Standard) MODS (XML) RIS
  • More searches
    Search for this title in:
    Other Libraries (WorldCat) Other Databases (Google Scholar) Online Stores (Bookfinder.com) Open Library (openlibrary.org)

Exporting to Dublin Core...

SOUTHVILLE LIBRARY

Southville International School and Colleges Library

1281 Tropical Ave. Cor. Luxembourg St., BF Homes International, Las Pinas City

Tel. No. 8256374 / 252358 Loc. 117/146

Powered by Koha